header

Beginning JavaScript (Record no. 106217)

MARC details
000 -LEADER
fixed length control field 01277nam a2200349Ia 4500
100 1# - MAIN ENTRY--AUTHOR NAME
Personal name Wilton, Paul,
245 10 - TITLE STATEMENT
Title Beginning JavaScript
250 ## - EDITION STATEMENT
Edition statement 4th ed.
260 ## - PUBLICATION, DISTRIBUTION, ETC. (IMPRINT)
Place of publication Hoboken, NJ :
Name of publisher Wiley,
Year of publication c2010.
300 ## - PHYSICAL DESCRIPTION
Number of Pages xxviii, 758 p. :
Other physical details ill.
500 ## - GENERAL NOTE
General note Previous ed.: Indianapolis, Ind.: Wiley, 2007.
General note Includes index.
650 #0 - SUBJECT ADDED ENTRY--TOPICAL TERM
Topical Term JavaScript (Computer program language)
Topical Term World Wide Web.
Topical Term Web servers.
700 1# - ADDED ENTRY--PERSONAL NAME
Personal name McPeak, Jeremy,
856 40 - ELECTRONIC LOCATION AND ACCESS
Uniform Resource Identifier http://site.ebrary.com/lib/rucke/Doc?id=10361334

No items available.

© 2026 Rongo University
Contact us: librarian | system librarian | Rongo university